Statystyki dla Wszystkie miasta w Polsce, w których byłem (Pandryf)

Kliknij tutaj aby rozwiązać quiz!

Ogólne statystyki

  • Ten quiz został rozwiązany 90 razy
    (60 od ostatniego zresetowania)
  • Średni wynik to 26 z 96

Statystyki odpowiedzi

WojewództwoGdzie w województwie?Miasto% Poprawnych
MazowieckieŚrodekWarszawa
84%
MałopolskieŚrodekKraków
77%
DolnośląskieWschódWrocław
77%
LubelskieŚrodekLublin
71%
PodlaskieŚrodekBiałystok
70%
ŁódzkieŚrodekŁódź
68%
PomorskiePółnocny wschódGdańsk
64%
PomorskiePółnocGdynia
64%
WielkopolskieŚrodekPoznań
64%
Kujawsko-PomorskieŚrodekToruń
64%
Kujawsko-PomorskieZachódBydgoszcz
63%
ZachodniopomorskieZachódSzczecin
59%
MałopolskiePołudnieZakopane
59%
LubuskiePółnocGorzów Wielkopolski
57%
PomorskiePółnocSopot
55%
DolnośląskiePołudniowy zachódJelenia Góra
52%
LubuskiePołudnieZielona Góra
52%
ŚląskiePółnocCzęstochowa
48%
DolnośląskieŚrodekLegnica
48%
DolnośląskieŚrodekLubin
46%
ZachodniopomorskiePółnocKołobrzeg
45%
WielkopolskiePółnocPiła
45%
DolnośląskiePołudnieWałbrzych
45%
LubelskiePołudniowy wschódZamość
41%
OpolskiePołudniowy wschódKędzierzyn-Koźle
38%
MałopolskieZachódOświęcim
38%
DolnośląskiePółnocGłogów
34%
ZachodniopomorskiePółnocny zachódŚwinoujście
34%
LubelskieZachódPuławy
32%
PomorskieWschódMalbork
30%
PomorskiePółnocny zachódSłupsk
30%
ZachodniopomorskieZachódStargard
27%
LubuskieWschódŚwiebodzin
27%
DolnośląskiePołudniowy zachódKarpacz
25%
PomorskiePółnocŁeba
25%
DolnośląskiePołudnieŚwidnica
25%
DolnośląskieZachódZgorzelec
25%
PomorskiePołudniowy zachódChojnice
23%
DolnośląskieŚrodekJawor
23%
DolnośląskiePółnocPolkowice
23%
LubuskieWschódMiędzyrzecz
21%
WielkopolskieZachódNowy Tomyśl
21%
PomorskieŚrodekStarogard Gdański
21%
Kujawsko-PomorskiePółnocŚwiecie
21%
LubuskiePółnocny wschódDrezdenko
20%
ZachodniopomorskieZachódGoleniów
20%
LubelskieZachódKazimierz Dolny
20%
PomorskiePołudniowy wschódKwidzyn
20%
ZachodniopomorskiePółnocny zachódMiędzyzdroje
20%
LubuskieŚrodekSulęcin
20%
DolnośląskiePołudniowy zachódSzklarska Poręba
20%
PomorskieWschódTczew
20%
PomorskiePołudniowy zachódCzłuchów
18%
ZachodniopomorskieWschódSzczecinek
18%
ZachodniopomorskiePółnocny zachódWolin
18%
ZachodniopomorskiePółnocBiałogard
16%
ZachodniopomorskiePółnocGryfice
16%
ZachodniopomorskiePółnocny zachódKamień Pomorski
16%
LubuskiePółnocny zachódSłubice
16%
LubuskieŚrodekSulechów
16%
ZachodniopomorskieŚrodekŚwidwin
16%
PomorskieWschódSztum
16%
ZachodniopomorskiePołudniowy wschódWałcz
16%
ZachodniopomorskiePołudnieBarlinek
14%
LubuskiePółnocny zachódKostrzyn nad Odrą
14%
Kujawsko-PomorskieZachódNakło nad Notecią
14%
ŁódzkieŚrodekKonstantynów Łódzki
13%
WielkopolskieZachódMiędzychód
13%
ŚląskieZachódRacibórz
13%
LubuskiePółnocStrzelce Krajeńskie
13%
WielkopolskieZachódWolsztyn
13%
MałopolskieZachódZator
13%
LubuskieWschódZbąszynek
13%
ZachodniopomorskieWschódBiały Bór
11%
ZachodniopomorskiePołudnieChoszczno
11%
ZachodniopomorskiePółnocny zachódDziwnów
11%
WielkopolskiePółnocJastrowie
11%
WielkopolskiePółnocny zachódKrzyż Wielkopolski
11%
DolnośląskiePołudnieKudowa-Zdrój
11%
ZachodniopomorskieŚrodekŁobez
11%
WielkopolskieZachódPniewy
11%
DolnośląskiePołudnieDuszniki-Zdrój
9%
LubuskieZachódKrosno Odrzańskie
9%
ZachodniopomorskieŚrodekPołczyn-Zdrój
9%
DolnośląskiePołudniowy wschódZłoty Stok
9%
PomorskiePołudnieCzarna Woda
7%
ZachodniopomorskiePołudniowy wschódCzłopa
7%
ZachodniopomorskieŚrodekIńsko
7%
LubuskiePołudnieKożuchów
7%
ZachodniopomorskiePołudnieRecz
7%
ZachodniopomorskieŚrodekWęgorzyno
7%
LubuskiePółnocny wschódDobiegniew
5%
ZachodniopomorskiePółnocPłoty
5%
LubuskiePółnocny wschódSkwierzyna
5%
ŚląskiePółnocny wschódOgrodzieniec
4%
ŚląskiePółnocny wschódŻarki
4%

Rozkład punktacji

Percentyl według liczby udzielonych odpowiedzi

Procent ludzi z każdym wynikiem

Twoja historia wyników

Nie rozwiązałeś tego quizu od ostatniego zresetowania